000 00583nam a2200181 4500
001 109469
003 ES-MaACL
005 20230906184841.0
007 t|
008 061121s1972 sp r ||||1| spa d
100 1 _aMuldworf, Bernard.
_984100
245 1 3 _aEl adulterio /
_cBernard Muldworf; traducción de María Eugenia Suárez; revisado por Amalia Martín Gamero.
260 _aMadrid :
_bGuadarrama,
_c1972.
300 _a288 p. ;
_c18 cm.
700 1 _aSuárez, María Eugenia.
_9108575
700 1 _aMartín-Gamero, Amalia.
_977500
852 _aES-MaACL
_jC-50020
_bR.84926
999 _c109469
_d109469